<?xml version="1.0" encoding="UTF-8"?>
<record
    xmlns:xsi="http://www.w3.org/2001/XMLSchema-instance"
    xsi:schemaLocation="http://www.loc.gov/MARC21/slim http://www.loc.gov/standards/marcxml/schema/MARC21slim.xsd"
    xmlns="http://www.loc.gov/MARC21/slim">

  <leader>03562aam a2200397 i 4500</leader>
  <controlfield tag="001">1255274</controlfield>
  <controlfield tag="003">CO-MdUADB</controlfield>
  <controlfield tag="005">20250219080523.0</controlfield>
  <controlfield tag="007">ta</controlfield>
  <controlfield tag="008">110907s1977    mx ad  fr       1   spa d</controlfield>
  <datafield tag="020" ind1=" " ind2=" ">
    <subfield code="a">9681806239</subfield>
    <subfield code="q">ISBN-10</subfield>
  </datafield>
  <datafield tag="020" ind1=" " ind2=" ">
    <subfield code="a">9789681806231</subfield>
    <subfield code="q">ISBN-13</subfield>
  </datafield>
  <datafield tag="035" ind1=" " ind2=" ">
    <subfield code="a">1255274</subfield>
  </datafield>
  <datafield tag="035" ind1=" " ind2=" ">
    <subfield code="a">(OCoLC)777073801</subfield>
  </datafield>
  <datafield tag="040" ind1=" " ind2=" ">
    <subfield code="a">CO-MdUADB</subfield>
    <subfield code="b">spa</subfield>
    <subfield code="c">CO-MdUADB</subfield>
    <subfield code="e">rda</subfield>
  </datafield>
  <datafield tag="041" ind1="1" ind2=" ">
    <subfield code="a">spa</subfield>
    <subfield code="h">eng</subfield>
  </datafield>
  <datafield tag="082" ind1="0" ind2="4">
    <subfield code="a">621</subfield>
  </datafield>
  <datafield tag="100" ind1="1" ind2=" ">
    <subfield code="a">Sonntag, Richard Edwin</subfield>
    <subfield code="e">aut</subfield>
    <subfield code="9">240683</subfield>
  </datafield>
  <datafield tag="245" ind1="1" ind2="0">
    <subfield code="a">Introducci&#xF3;n a la termodin&#xE1;mica :</subfield>
    <subfield code="b">cl&#xE1;sica y estad&#xED;stica /</subfield>
    <subfield code="c">Richard E. Sonntag, Gordon J. Van Wylen</subfield>
  </datafield>
  <datafield tag="246" ind1="1" ind2="1">
    <subfield code="a">Introduction to Thermodynamics :</subfield>
    <subfield code="b">Classical and Statistical</subfield>
  </datafield>
  <datafield tag="250" ind1=" " ind2=" ">
    <subfield code="a">1.&#xAA; edici&#xF3;n</subfield>
  </datafield>
  <datafield tag="264" ind1=" " ind2="1">
    <subfield code="a">M&#xE9;xico :</subfield>
    <subfield code="b">Editorial Limusa,</subfield>
    <subfield code="c">1977.</subfield>
  </datafield>
  <datafield tag="300" ind1=" " ind2=" ">
    <subfield code="a">789 p&#xE1;ginas :</subfield>
    <subfield code="b">ilustraciones, gr&#xE1;ficas, tablas</subfield>
  </datafield>
  <datafield tag="336" ind1=" " ind2=" ">
    <subfield code="2">rdacontent</subfield>
    <subfield code="a">texto</subfield>
    <subfield code="b">txt</subfield>
  </datafield>
  <datafield tag="337" ind1=" " ind2=" ">
    <subfield code="a">no mediado</subfield>
  </datafield>
  <datafield tag="338" ind1=" " ind2=" ">
    <subfield code="a">volumen</subfield>
  </datafield>
  <datafield tag="500" ind1=" " ind2=" ">
    <subfield code="a">Incluye &#xED;ndice.</subfield>
  </datafield>
  <datafield tag="505" ind1="0" ind2="0">
    <subfield code="t">Pr&#xF3;logo --</subfield>
    <subfield code="t">1. Algunos comentarios a guisa de introducci&#xF3;n --</subfield>
    <subfield code="t">2. Conceptos y definiciones --</subfield>
    <subfield code="t">3. Propiedades de una sustancia pura --</subfield>
    <subfield code="t">4. Trabajo y calor --</subfield>
    <subfield code="t">5. Primera ley de la termodin&#xE1;mica --</subfield>
    <subfield code="t">6. An&#xE1;lisis por la primera para un volumen de control --</subfield>
    <subfield code="t">7. Segunda ley de la termodin&#xE1;mica --</subfield>
    <subfield code="t">8. Entrop&#xED;a --</subfield>
    <subfield code="t">9. An&#xE1;lisis por la segunda ley para un volumen de control --</subfield>
    <subfield code="t">10. Algunos ciclos de potencia y de refrigeraci&#xF3;n --</subfield>
    <subfield code="t">11. Introducci&#xF3;n a la termodin&#xE1;mica de la mezclas --</subfield>
    <subfield code="t">12. Relaciones termodin&#xE1;micas --</subfield>
    <subfield code="t">13. Relaciones qu&#xED;micas --</subfield>
    <subfield code="t">14. Introducci&#xF3;n al equilibrio de fases y al qu&#xED;mico --</subfield>
    <subfield code="t">15. Distribuciones moleculares y modelos --</subfield>
    <subfield code="t">16. Mec&#xE1;nica estad&#xED;stica --</subfield>
    <subfield code="t">17. Termodin&#xE1;mica estad&#xED;stica --</subfield>
    <subfield code="t">18. Mec&#xE1;nica cu&#xE1;ntica --</subfield>
    <subfield code="t">19. Propiedades de los gases --</subfield>
    <subfield code="t">20. Propiedades de los s&#xF3;lidos --</subfield>
    <subfield code="t">Ap&#xE9;ndice A: Desarrollos matem&#xE1;ticos --</subfield>
    <subfield code="t">Ap&#xE9;ndice B: Tablas y diagramas.</subfield>
  </datafield>
  <datafield tag="520" ind1="3" ind2=" ">
    <subfield code="a">Hace ya varios a&#xF1;os que en las facultades de Ingenier&#xED;a y Ciencias Aplicadas hay una marcada tendencia a impartir la termodin&#xE1;mica combinando dos puntos de vista: el cl&#xE1;sico y el estad&#xED;stico. En muchos centros de estudio esto ya se ha logrado al integrar, en menor o mayor grado, el material de estudio anteriormente impartido como asignaturas distintas. Los autores de la presente obra tienen el gran m&#xE9;rito de haber seleccionado y reunido en un solo volumen todo el material necesario para dicha integraci&#xF3;n. Adem&#xE1;s, han sabido organizar el libro de tal manera que, en cada caso, el maestro puede utilizarlo en clase seg&#xFA;n su propio criterio y las necesidades de los estudiantes.
Desde luego, el objetivo principal es proporcionar una buena introducci&#xF3;n tanto a la Termodin&#xE1;mica Cl&#xE1;sica como a la Termodin&#xE1;mica Estad&#xED;stica, se&#xF1;alando las relaciones existentes entre el aspecto microsc&#xF3;pico y el macrosc&#xF3;pico de los fen&#xF3;menos estudiados. Tambi&#xE9;n se hace &#xE9;nfasis en las aplicaciones espec&#xED;ficas de la termodin&#xE1;mica en los diferentes campos profesionales. Para cada uno de ellos se dan ejemplos y problemas representativos e interesantes. Por lo anterior, es un texto muy valioso y adecuado para usarlo en distintos cursos de termodin&#xE1;mica que se imparten en las carreras de Ciencias e Ingenier&#xED;a. (Tomado de la cubierta del libro).</subfield>
  </datafield>
  <datafield tag="650" ind1="1" ind2="7">
    <subfield code="a">Termodin&#xE1;mica</subfield>
    <subfield code="2">lemb</subfield>
    <subfield code="9">55599</subfield>
  </datafield>
  <datafield tag="650" ind1="1" ind2="7">
    <subfield code="a">Termodin&#xE1;mica estad&#xED;stica</subfield>
    <subfield code="2">lemb</subfield>
    <subfield code="9">3004</subfield>
  </datafield>
  <datafield tag="700" ind1="1" ind2=" ">
    <subfield code="a">Van Wylen, Gordon J.,</subfield>
    <subfield code="d">1920-2020</subfield>
    <subfield code="e">aut</subfield>
    <subfield code="9">473106</subfield>
  </datafield>
  <datafield tag="700" ind1="1" ind2=" ">
    <subfield code="a">Paniagua Bocanegra, Francisco</subfield>
    <subfield code="e">trl</subfield>
    <subfield code="9">858846</subfield>
  </datafield>
  <datafield tag="700" ind1="1" ind2=" ">
    <subfield code="a">Hern&#xE1;ndez Pagaza, Jos&#xE9; A.</subfield>
    <subfield code="e">rev</subfield>
    <subfield code="9">870178</subfield>
  </datafield>
  <datafield tag="942" ind1=" " ind2=" ">
    <subfield code="c">BOOK</subfield>
    <subfield code="2">ddc</subfield>
  </datafield>
  <datafield tag="999" ind1=" " ind2=" ">
    <subfield code="c">592867</subfield>
    <subfield code="d">592867</subfield>
  </datafield>
  <datafield tag="952" ind1=" " ind2=" ">
    <subfield code="0">0</subfield>
    <subfield code="1">0</subfield>
    <subfield code="2">ddc</subfield>
    <subfield code="4">0</subfield>
    <subfield code="7">0</subfield>
    <subfield code="8">GEN</subfield>
    <subfield code="a">BC</subfield>
    <subfield code="b">BC</subfield>
    <subfield code="d">2011-09-07</subfield>
    <subfield code="e">Material adquirido por donaci&#xF3;n</subfield>
    <subfield code="f">DONA</subfield>
    <subfield code="i">C1125415</subfield>
    <subfield code="l">0</subfield>
    <subfield code="o">621.4021 S699i</subfield>
    <subfield code="p">0757716</subfield>
    <subfield code="r">2025-03-12 17:15:06</subfield>
    <subfield code="w">2023-05-01</subfield>
    <subfield code="y">BOOK</subfield>
  </datafield>
  <datafield tag="952" ind1=" " ind2=" ">
    <subfield code="0">0</subfield>
    <subfield code="1">0</subfield>
    <subfield code="2">ddc</subfield>
    <subfield code="4">0</subfield>
    <subfield code="7">0</subfield>
    <subfield code="8">GENERAL</subfield>
    <subfield code="a">CAREP</subfield>
    <subfield code="b">CAREP</subfield>
    <subfield code="d">2024-09-24</subfield>
    <subfield code="e">Material adquirido por donaci&#xF3;n</subfield>
    <subfield code="f">DONA</subfield>
    <subfield code="g">25000.00</subfield>
    <subfield code="l">0</subfield>
    <subfield code="o">621.4021 S699i</subfield>
    <subfield code="p">01098676</subfield>
    <subfield code="r">2026-04-09 08:06:41</subfield>
    <subfield code="w">2024-09-24</subfield>
    <subfield code="y">BOOK</subfield>
  </datafield>
</record>
